| 000 | 00579nam a22001817a 4500 | ||
|---|---|---|---|
| 005 | 20251108164339.0 | ||
| 008 | 250721s1989 xx 000 0 ara d | ||
| 082 | 1 | 4 | _a691.3/خرس |
| 100 | 1 | _aسوامي، آر. إن | |
| 245 | 1 | 0 | _aخرسانة مسلحة جديده / |
| 264 | 1 |
_aالموصل : _bالجامعه المستنصريه، _c1989. |
|
| 300 | _a304ص | ||
| 650 | 1 | 7 | _aالخرسانة سابقة الإجهاد |
| 650 | 1 | 7 | _aمواد البناء |
| 700 | 1 |
_aالأوسي، محمد علي عبد الرزاق _eترجمة |
|
| 942 |
_2ddc _cBK |
||
| 999 |
_c9938 _d9938 |
||